00758cam a2200217 a 450000100100000000500170001000800410002704000250006808200250009310000450011824500450016325000110020826000330021930000210025249000280027365000280030165000320032983000360036195201280039799900150052500000863420200929161357.0820510s1973 ck 001 f spa  aDO-SdBNPbspacBNPHU aCo863.4bG643d, 19731 aGonzález, Fernando,d1895-1964.92306910aDon Mirócletes /cFernando González. a2a ed. aMedellín :bBedout,c1973. a171 p. ;c19 cm.1 aBolsilibros Bedoutv141 4aNovela colombiana91243 4aLiteratura colombiana91244 0aBolsilibros Bedout ;v14193750 001052708MOaGRbGRcCTd2009-09-17iLF1l0oCo863.4 G643d, 1973p8634-10r2020-06-25w2020-06-25y2ZPréstamo interno c8404d8404